Hướng dẫn thực hành kinh tế học vi mô : Dùng trong các trường Cao đẳng và Đại học khối kinh tế /

Đã lưu trong:
書目詳細資料
其他作者: Đinh Thiện Đức, TS., Cao Thuý Xiêm, PGS.TS., Hồ Đình Bảo, ThS., Hoàng Hải Yến, ThS., Hoàng Thuý Nga, ThS., Nguyễn Thị Thu, TS., Phạm Văn Minh, PGS.TS (chủ biên.), Vũ Kim Dũng, PGS.TS (chủ biên.)
格式: Sách giấy
語言:Vietnamese
出版: H. : Giáo dục, 2009.
主題:
標簽: 添加標簽
沒有標簽, 成為第一個標記此記錄!
Thư viện lưu trữ: Thư viện Trường Đại học Đà Lạt
LEADER 01257nam a2200397 4500
001 DLU090074628
005 ##20090602
040 # # |a DLU  |b vie 
041 # # |a vie 
044 # # |a vn 
082 # # |a 338.507 6  |b Huo 
245 # # |a Hướng dẫn thực hành kinh tế học vi mô :  |b Dùng trong các trường Cao đẳng và Đại học khối kinh tế /  |c Vũ Kim Dũng, Phạm Văn Minh đồng chủ biên, ... [et al]. 
260 # # |a H. :  |b Giáo dục,  |c 2009. 
300 # # |a 187 tr. ;  |c 24 cm. 
504 # # |a Tài liệu tham khảo: tr. 186. 
650 # # |a Kinh tế vi mô  |v Giáo trình 
650 # # |a Kinh tế vi mô  |x Bài toán, bài tập, v.v... 
700 # # |a Đinh Thiện Đức,  |c TS. 
700 # # |a Cao Thuý Xiêm,  |c PGS.TS. 
700 # # |a Hồ Đình Bảo,  |c ThS. 
700 # # |a Hoàng Hải Yến,  |c ThS. 
700 # # |a Hoàng Thuý Nga,  |c ThS. 
700 # # |a Nguyễn Thị Thu,  |c TS. 
700 # # |a Phạm Văn Minh,  |c PGS.TS,  |e chủ biên. 
700 # # |a Vũ Kim Dũng,  |c PGS.TS,  |e chủ biên. 
923 # # |a 04/2009 
991 # # |a GT 
992 # # |a 23000 
994 # # |a DLU 
900 # # |a True 
911 # # |a Đào Thị Thu Huyền 
925 # # |a G 
926 # # |a A 
927 # # |a SH 
980 # # |a Thư viện Trường Đại học Đà Lạt